LEA - Lieber allein Songtext/Liedtext - Statistiken

Allgemein
  • Dieses Quiz wurde 5 mal gespielt
  • Das Durchschnittsergebnis liegt bei 103 aus 196
Antwortstatistiken
Antwort % Korrekt
all
100%
Allein
100%
allein
100%
Bin
100%
bin
100%
Dem
100%
Du
100%
du
100%
Ich
100%
ich
100%
Lieber
100%
lieber
100%
Und
100%
und
100%
Zu
100%
zu
100%
Dich
67%
Es
67%
gehen
67%
Gehen
67%
Hast
67%
Nicht
67%
Nur
67%
Wie
67%
wie
67%
Anruf
33%
Da
33%
Deinem
33%
Die
33%
fort
33%
Fragen
33%
Hier
33%
hier
33%
Ist
33%
ist
33%
Kannst
33%
lass
33%
Lass
33%
mehr
33%
Mehr
33%
Meinem
33%
Meinen
33%
mich
33%
Mich
33%
nichts
33%
Oh
33%
oh
33%
sagen
33%
sagst
33%
schon
33%
Schon
33%
Schweigen
33%
sei
33%
sein
33%
Sein
33%
So
33%
Warten
33%
was
33%
Was
33%
Weit
33%
weit
33%
Wieder
33%
Zeit
33%
Zwischen
33%
zwischen
33%
Alles
0%
atmen
0%
Bleibt
0%
dachte
0%
das
0%
durchs
0%
egal
0%
Hannover
0%
Hör
0%
Laufen
0%
laufen
0%
Meilen
0%
Noch
0%
Sind
0%
tausend
0%
Tausend
0%
Telefon
0%
Um
0%
um
0%
Valencia
0%
würdest
0%
Keine übereinstimmenden Quizze gefunden
Verteilung der Resultate
Anzahl Personen mit jedem Resultat
Perzentil nach korrekt beantworteten Fragen
Ihre Resultats-Entwicklung
Sie haben dieses Quiz noch nicht gespielt